000 00589cam a22002171 4500
001 he 65000545
003 DLC
005 20260227111430.0
008 840307s1944 is 000 0 heb
010 _ahe 65000545
035 _a(OCoLC)19158113
040 _aDLC
_cMH
_dDLC
042 _apremarc
050 0 0 _aHD951.P3
_bL8
100 1 _aLurie, Zvi,
_d1906-
245 1 3 _aha-Memad ha-shelishi la-ḳarḳaʻ.
260 _aJerusalem :
_bha-Ḳeren ha-ḳayemet le-Yiśraʼel,
_c704 [1944]
300 _a47 p. ;
_c15 cm.
650 0 _aLand use
_zIsrael.
752 _aIsrael
_dJerusalem
999 _c31049
_d31049